• 首页
  • 本馆介绍
  • 公告通知
  • 最新文献
  • 馆藏检索
  • 电子资源
  • 读者导购
  • 参考咨询
  • 我的图书馆
  • 登录
  • 详细信息显示
  • 放入我的书架
  • 预约/预借图书
  • 作者相关作品
  • 分类相关作品
  • 丛书相关作品
  • 出版社相关作品

书目信息

  • 表格格式
  • 工作单格式
  • 卡片格式
题名:
物理学原著选读
    
 
作者: 马吉 , Magie 编 ;蔡宾牟 译
分册:  
出版信息: 北京   商务印书馆  1986
页数: 638页
开本: 20cm
丛书名:
单 册:
中图分类: O4-09
科图分类:
主题词: 物理学
电子资源:
ISBN:
000 00711nam0 2200265 45
001 0186011164
005 20040707091907.7
010    @dCNY3.30
091    @a2017.345
100    @a19900818d1986 em y0chiy0121 ea
101 1  @achi@ceng
102    @aCN@b110000
105    @ay z 000yy
106    @ar
200 10 @a物理学原著选读@Awu li xue yuan zhu xuan du@f(美)马吉(Magie,W.F.)编@g蔡宾牟译
210    @a北京@c商务印书馆@d1986
215    @a638页@d20cm
606 0  @a物理学
690    @aO4-09@v3
701  1 @a马吉@Ama ji@bW.F.@4编
701 A1 @aMagie@bW.F.@4编
702  0 @a蔡宾牟@Acai bin mou@4译
801  0 @aCN@b深圳图书馆@c20040520
801  2 @aCN@bNLC@c20040520
905    @dO4-09@e152@f1@b162140
    
    物理学原著选读/(美)马吉(Magie,W.F.)编/蔡宾牟译.-北京:商务印书馆,1986
    638页;20cm
    
    
    ISBN :CNY3.30
    
●
相关链接 在E读中查询图书 在五车中查询图书 在当当中查询图书 在豆瓣中查询图书


正题名:物理学原著选读     索取号:O4-09/152         预约/预借

序号 登录号 条形码 馆藏地/架位号 状态 备注
1 0162139   000394479   第三借阅区/ [索取号:O4-09/152] 在馆    
2 0162140   001953078   第三借阅区/ [索取号:O4-09/152] 在馆    
3 0162141   202106050   第二样本阅览室/ [索取号:O4-09/152] 在馆    
唐山师范学院图书馆 欢迎您!
大连网信软件有限公司© 版权所有